. السلطة التنظيمية في لبنان وضوابطها (Record no. 15908)

MARC details
000 -LEADER
fixed length control field 00646nam a2200193 4500
008 - FIXED-LENGTH DATA ELEMENTS--GENERAL INFORMATION
fixed length control field b xx# ara u
010 ## - LIBRARY OF CONGRESS CONTROL NUMBER
LC control number 39987
040 ## - CATALOGING SOURCE
Original cataloging agency LB-BrCRDP
082 ## - DEWEY DECIMAL CLASSIFICATION NUMBER
Classification number 342.5692/K11s
100 1# - MAIN ENTRY--PERSONAL NAME
Personal name . كباره، نزيه
130 1# - MAIN ENTRY--UNIFORM TITLE
Language of a work AR
245 10 - TITLE STATEMENT
Title . السلطة التنظيمية في لبنان وضوابطها
Remainder of title دراسة مقارنه
Statement of responsibility, etc. نزيه كباره
260 ## - PUBLICATION, DISTRIBUTION, ETC.
Place of publication, distribution, etc. طرابلس
Name of publisher, distributor, etc. جروس-برس
Date of publication, distribution, etc. 1985
300 ## - PHYSICAL DESCRIPTION
Extent 386 ص. ؛
Dimensions 22 سم.
500 ## - GENERAL NOTE
General note مراجع في آخر الكتاب
650 ## - SUBJECT ADDED ENTRY--TOPICAL TERM
Topical term or geographic name entry element السلطة التنفيذية
General subdivision لبنان
942 ## - ADDED ENTRY ELEMENTS (KOHA)
Koha item type Books
Holdings
Withdrawn status Lost status Source of classification or shelving scheme Damaged status Not for loan Home library Current library Shelving location Date acquired Total Checkouts Full call number Barcode Date last seen Copy number Price effective from Koha item type
    Dewey Decimal Classification     مكتبة المطبعة - سن الفيل مكتبة المطبعة - سن الفيل Salle de Lecture 07/28/2016   342.5692 K11s CRF014778 07/28/2016 1 07/28/2016 Books